La economía en la industria textil (Record no. 122583)

MARC details
000 -LEADER
campo de control de longitud fija 00891nam a2200229 i 4500
001 - NÚMERO DE CONTROL
campo de control 122583
003 - IDENTIFICADOR DE NÚMERO DE CONTROL
campo de control ES-MaACL
005 - FECHA Y HORA DE LA ÚLTIMA TRANSACCIÓN
campo de control 20250903053812.0
007 - CAMPO FIJO DE DESCRIPCIÓN FÍSICA--INFORMACIÓN GENERAL
campo de control de longitud fija t|
008 - DATOS DE LONGITUD FIJA--INFORMACIÓN GENERAL
campo de control de longitud fija 171107s1950 sp |||| | spa d
100 1# - ENTRADA PRINCIPAL--NOMBRE DE PERSONA
Nombre de persona Gual Villalbí, Pedro.
9 (RLIN) 60287
245 13 - MENCIÓN DEL TÍTULO
Título La economía en la industria textil
Resto del título : conferencia /
Mención de responsabilidad, etc. por... D. Pedro Gual Villalbí.
260 ## - PUBLICACIÓN, DISTRIBUCIÓN, ETC.
Lugar de publicación, distribución, etc. Barcelona :
Nombre del editor, distribuidor, etc. [s.n.],
Fecha de publicación, distribución, etc. 1950.
300 ## - DESCRIPCIÓN FÍSICA
Extensión 16 p. ;
Dimensiones 22 cm.
490 1# - MENCIÓN DE SERIE
Mención de serie Apuntes para la historia de la industrial textil española ;
Designación de volumen o secuencia 5
594 ## - Nota al título y mención de responsabilidad
Nota al título y mención de responsabilidad Precede al tít.: Asociación Nacional de Ingenieros Industriales Textiles.
650 #4 - PUNTO DE ACCESO ADICIONAL DE MATERIA--TÉRMINO DE MATERIA
Término de materia o nombre geográfico como elemento de entrada Industria textil-
Subdivisión geográfica España.
9 (RLIN) 159884
710 2# - ENTRADA AGREGADA--NOMBRE DE ENTIDAD CORPORATIVA
Nombre de entidad corporativa o nombre de jurisdicción como elemento de entrada Asociación Nacional de Ingenieros Industriales (España)
9 (RLIN) 1761
830 00 - PUNTO DE ACCESO ADICIONAL DE SERIE-TÍTULO UNIFORME
Título uniforme Apuntes para la historia de la industria textil española
Designación de volumen o secuencia 5
9 (RLIN) 192796
852 ## - LOCALIZACIÓN
Ubicación ES-MaACL
Número de control de estantería E-3507
Holdings
Estatus retirado Estado de pérdida Estado de daño No para préstamo Biblioteca de origen Biblioteca actual Ubicación en estantería Fecha de adquisición Fuente de adquisición Total de préstamos Signatura topográfica completa Código de barras Visto por última vez Precio de reemplazo Tipo de ítem Koha
        Biblioteca del Ateneo de Madrid Biblioteca del Ateneo de Madrid Depósito 2 07/11/2017     E-3507 1198054 23/02/2023 23/02/2023 Libro impreso